00932nam a2200181 a 450000100060000000300090000600800410001502000150005604000280007108200160009910000390011524500520015426000320020630000110023849000270024950504430027665000310071918243CO-ViMGA141112s2004 ck r 000 u spa d a8449307813 aCO-ViMGAbspacCO-ViMGA04a610.72 F7431 aFriedman, Meyer; Friedland, Gerald10aLos diez mayores descubrimientos de la medicina aBarcelona, cPaidos, c1999 a285 p. aPaidos Origenes, v. 10 aAndreas Vesalio y la anatomia humana moderna 17 - - William Harvey y la circulacion de la sangre 35 - - Antony Leeuwenhoek y las bacterias 55 - - Edward Jenner y la vacunacion 85 - - Crawford Long y la anestesia quirurgica 115 - - Wilhelm Roentgen y el haz de rayos X 139 - - Ross Harrison y el cultivo de tejidos 159 - - Nikolai Anichkov y el colesterol 181 - - Alexander Fleming y los antibioticos 197 - - Maurice Wilkins y el ADN 223 14aMEDICINA - DESCUBRIMIENTOS